00479nam a2200181 a 450000100060000000300090000600800410001502000150005604000280007108200090009910000210010824500320012926000460016130000100020749000330021765000250025065000220027517344CO-ViMGA141112s2004 ck r 000 u spa d a8448020510 aCO-ViMGAbspacCO-ViMGA04aMONo1 aMontgomery, R.A.10aEl castillo de la oscuridad aBarcelona (España), cTimun Mas, c1997 a88.p. aElije tu propio escalofrío14aCUENTOS DE FANTASMAS14aCUENTOS DE TERROR